| 000 | 00940nam a22002417a 4500 | ||
|---|---|---|---|
| 999 |
_c15952 _d15952 |
||
| 003 | AR-CdUCM | ||
| 008 | 190430b ||||| |||| 00| 0 spa d | ||
| 020 | _a978-612-4048-77-7 | ||
| 040 |
_aMUNICIPALIDAD PROVINCIAL DEL CUSCO _cBIBLIOTECA MUNICIPAL DEL CUSCO |
||
| 082 |
_a348.685 / _bC34 |
||
| 100 |
_aCastillo Guzman, Jorge _99347 |
||
| 245 | _aCompendio de derecho laboral peruano / | ||
| 260 |
_aPerú : _bCaballero Bustamante, _c2011. |
||
| 300 |
_a749 paginas ; _c25 cm. |
||
| 505 | _aContenido : Ámbito de aplicación del derecho individual del trabajo -- Contrato de trabajo -- Seguro de vida -- Trabajadores agrarios y acuicolas -- Trabajadores extranjeros... | ||
| 650 |
_aDerecho peruano _921203 |
||
| 650 |
_aDerecho laboral _95297 |
||
| 650 |
_aProtección especial _935206 |
||
| 700 |
_aBelleza Salazar, Mariela _935207 |
||
| 700 |
_aReid Giuria, Rossanna _935208 |
||
| 942 |
_2ddc _cLIBROS |
||
| 945 |
_awnts _d2019-04-30 |
||